10 najmniejszych i 10 największych krajów Afryki - Statystyki

Ogólne statystyki
  • Ten quiz został rozwiązany 286 razy
    266 od ostatniego zresetowania
  • Średni wynik to 37 z 50
Statystyki odpowiedzi
lp. Odpowiedź % Poprawnych
2. Demokratyczna Republika Konga
94%
4. Demokratyczna Republika Konga
94%
1. Algieria
93%
9. Algieria
93%
9. Republika Południowej Afryki
91%
6. Republika Południowej Afryki
91%
3 Egipt
89%
3. Sudan
88%
8. Sudan
88%
6. Niger
86%
5. Czad
81%
4. Libia
80%
1. Nigeria
80%
7. Nigeria
80%
8. Mali
78%
7. Angola
76%
10. Etiopia
76%
2. Etiopia
76%
10. Lesotho
75%
1. Seszele
72%
1. Seszele
72%
5. Seszele
72%
9. Rwanda
71%
2. Rwanda
71%
7. Eswatini
69%
7. Eswatini
69%
6. Gambia
69%
8. Gambia
69%
8. Dżibuti
68%
6. Dżibuti
68%
5. Republika Zielonego Przylądka
68%
3. Republika Zielonego Przylądka
68%
10. Republika Zielonego Przylądka
68%
5. Tanzania
68%
10. Burundi
67%
4. Burundi
67%
4. Komory
66%
5. Komory
66%
3. Komory
66%
3. Mauritius
65%
8. Mauritius
65%
1. Mauritius
65%
2. Wyspy Świętego Tomasza i Książeca
65%
2. Wyspy Świętego Tomasza i Książeca
65%
6. Wyspy Świętego Tomasza i Książeca
65%
7. Kenia
62%
4. Gwinea Równikowa
58%
9. Gwinea Bissau
53%
10. Uganda
51%
9. Uganda
51%
Nie znaleziono quizów pasujących do podanych kryteriów
Rozkład punktacji
Procent ludzi z każdym wynikiem
Percentyl według liczby udzielonych odpowiedzi
Twoja historia wyników
Nie rozwiązałeś tego quizu od ostatniego zresetowania